Livro

Desarrollo sustentable y turismo en los '90 : impacto de la industria turística sobre el medio ambiente /

Na minha lista:
Detalhes bibliográficos
Outros Autores: Bonzi, Jorgelina, Fernández, Karina, Gonzalez Insfran, Valeria, Viseconte, Gilda
Formato: Livro
Idioma:espanhol
Publicado em: Quilmes : [s.n.], 2000
Assuntos:

MARC

LEADER 00000nam#a2200000#a#4500
001 006762
005 20160707161359.0
008 000831s2000####ag##################spa#d
040 |a AR-beUNQ 
099 |a T/12-B30 
245 0 0 |a Desarrollo sustentable y turismo en los '90 : impacto de la industria turística sobre el medio ambiente /  |c Jorgelina Bonzi ... [et al.] 
260 |a Quilmes :  |b [s.n.],  |c 2000 
300 |a 21 p 
500 |a Trabajo práctico presentado para la materia Globalización y Economía Urbana del profesor Fernández, Gabriel. Universidad Nacional de Quilmes 
942 |c TP  |n 0 
648 4 |a 1990-2000 
650 7 |a HOTELES  |2 Spines 
650 7 |a MEDIO AMBIENTE  |2 toit 
650 7 |a TRABAJOS PRACTICOS  |2 toit 
650 7 |a TURISMO  |2 toit 
653 |a UNQ 
653 |a DESARROLLO SUSTENTABLE 
700 1 |a Bonzi, Jorgelina 
700 1 |a Fernández, Karina 
700 1 |a Gonzalez Insfran, Valeria 
700 1 |a Viseconte, Gilda 
929 |a COMPRA  |b Gabriel Fernández  |j 28209 
999 |c 1352  |d 76739